000 00784cam a22002651a 4500
001 2003
003 BD-RjUL
005 20211208233448.0
008 131210r19551963enk 001 0 eng
035 _a(BD-RjUL)2030
035 _a(OCoLC)3093429
040 _aDLC
_cTNJ
_dOCoLC
_dMoSU-L
_dOCoLC
_dUk
_dDLC
_dBD-RjUL
_beng
041 _aeng
082 _a330.1
_220
_bLET 1963
100 1 _aLewis, W. Arthur
_q(William Arthur),
_d1915-
_96587
245 1 4 _aThe theory of economic growth /
_cby W. Arthur Lewis.
260 _aLondon :
_bAllen & Unwin,
_cc1955 [Impression 1963. 1965].
300 _a453 p. ;
_c23 cm.
500 _aIncludes index.
650 0 _aIndustries.
_96588
650 0 _aEconomics.
_9116665
942 _2ddc
_cBK
999 _c2003
_d2003